Zodiac and sunsigns : (Record no. 125634)

MARC details
000 -LEADER
fixed length control field 00685nam a22002177a 4500
005 - DATE AND TIME OF LATEST TRANSACTION
control field 20170124105958.0
010 ## - LIBRARY OF CONGRESS CONTROL NUMBER
LC control number B-181218
020 ## - INTERNATIONAL STANDARD BOOK NUMBER
Terms of availability 00.00
International Standard Book Number 8185212686
035 ## - SYSTEM CONTROL NUMBER
System control number B-181218
037 ## - SOURCE OF ACQUISITION
Source of stock number/acquisition Cen Lib/Ret
040 ## - CATALOGING SOURCE
Original cataloging agency DPL
Language of cataloging EN
082 ## - DEWEY DECIMAL CLASSIFICATION NUMBER
Classification number 133.5
Item number SHA
100 ## - MAIN ENTRY--PERSONAL NAME
Personal name Sharma, Sanjay
9 (RLIN) 15029
245 ## - TITLE STATEMENT
Title Zodiac and sunsigns :
Statement of responsibility, etc by Sanjay Sharma
Remainder of title a comparison of Indian and western astrology /
260 ## - PUBLICATION, DISTRIBUTION, ETC. (IMPRINT)
Place of publication, distribution, etc Chandigarh
Name of publisher, distributor, etc Arun Publishing House
Date of publication, distribution, etc 2000
270 ## - ADDRESS
Address SCO 49-51, Sector- 17 C
City Chandigarh
Postal code 160017
300 ## - PHYSICAL DESCRIPTION
Extent 160p.
Dimensions 21cm(Hb)
650 ## - SUBJECT ADDED ENTRY--TOPICAL TERM
Topical term or geographic name as entry element Astrology -- Juvenile literature
9 (RLIN) 15030
650 ## - SUBJECT ADDED ENTRY--TOPICAL TERM
Topical term or geographic name as entry element Astrology
9 (RLIN) 5898
942 ## - ADDED ENTRY ELEMENTS (KOHA)
Source of classification or shelving scheme Dewey Decimal Classification
Koha item type English Books
Classification part 133.5
Call number suffix SHA
Holdings
Withdrawn status Lost status Damaged status Not for loan Home library Current library Date acquired Source of acquisition Cost, normal purchase price Total Checkouts Total Renewals Full call number Barcode Date last seen Date checked out Copy number Cost, replacement price Price effective from Koha item type
        Central Library Central Library 22/06/2015 Cen Lib/Ret 0.00 4 2 133.5 SHA B-181218 20/09/2024 23/08/2024 1 0.00 22/06/2015 English Books

© Delhi Public Library
Hit Counter
free hit counter